LEADER 00462nab a2200145 i 4500 001 000000284523 003 CaOOAMICUS 005 20180831165257.0 008 180831n xx uu u0 0und r 013 $a37830 040 $aSeMil$bita 245 10$a[SENZA TITOLO]. 500 $aMarzo 1965, Anno 33. 773 0 $tCatechesi per fanciulli. 1964-1965.$dTorino : Ufficio Catechistico Centrale Salesiano, 1965.$w()239136 996 $6245$a[SENZA TITOLO]$9(OLS)http://semarc/title/354609 LEADER 00744nab a2200157 i 4500 001 000000308687 003 CaOOAMICUS 005 20180831172940.0 008 180831n it uu u0 0ita r 013 $a17701 040 $aSeMil$bita 100 1 $aLodigiani, Rosangela,$d<1969- >.$0(OLS)http://semarc/name/15987 245 12$aL'identità come compito, bisogno, relazione nella società contemporanea :$buna lettura sociologica. 650 4$aIdentità - Sociologia.$0(OLS)http://semarc/subject/11323 773 0 $tVerità storica, memoria e identità. - Titolo principale dalla copertina.$gp.229-256$w()262551 996 $6245$aL'identità come compito, bisogno, relazione nella società contemporanea :$buna lettura sociologica$9(OLS)http://semarc/title/383904